| 000 | 00819nam a2200253 a 4500 | ||
|---|---|---|---|
| 001 | 000047989 | ||
| 003 | DO-SdBNP | ||
| 005 | 20230220103033.0 | ||
| 007 | ta | ||
| 008 | 181010s199- dr r 000 0 spa d | ||
| 020 | _a9789945442526 | ||
| 040 |
_aDO-SdBNP _bspa _cBNPHU |
||
| 082 | 4 |
_222 _bP592 |
|
| 100 | 1 |
_aPichardo, Rafael _975503 |
|
| 245 | 1 | 0 |
_aMis vivencias con los carbohidratos : _bdietas para el síndrome metabólico / _cRafael Pichardo ; prólogo Felix Ml. Escaño Polanco. |
| 260 |
_aSanto Domingo : _bTaller, _c199-. |
||
| 300 |
_a196 p. ; _c23 cm. |
||
| 500 | _aIncluye datos biográficos del autor en las solapas | ||
| 504 | _aBibliografía : p. 193-196 | ||
| 590 | _aInventariado, 2018/BT | ||
| 700 | 1 |
_aEscaño Polanco, Felix Ml., _eprólogo _936788 |
|
| 910 | _aBTavárez | ||
| 942 |
_2ddc _cLBS1 |
||
| 999 |
_c47477 _d47477 |
||